Introducing statistics / (Record no. 11925)
[ view plain ]
| 000 -LEADER | |
|---|---|
| fixed length control field | 00580nam a22002052 4500 |
| 001 - CONTROL NUMBER | |
| control field | 0000004289 |
| 005 - DATE AND TIME OF LATEST TRANSACTION | |
| control field | 20151217155209.0 |
| 008 - FIXED-LENGTH DATA ELEMENTS--GENERAL INFORMATION | |
| fixed length control field | 070522s xx 000 0 eng d |
| 020 ## - INTERNATIONAL STANDARD BOOK NUMBER | |
| International Standard Book Number | 019914561X : |
| Terms of availability | KES 4,350 |
| 040 ## - CATALOGING SOURCE | |
| Original cataloging agency | KABU |
| Transcribing agency | KABU |
| 050 #0 - LIBRARY OF CONGRESS CALL NUMBER | |
| Classification number | QA276 |
| Item number | .U68 |
| 100 1# - MAIN ENTRY--PERSONAL NAME | |
| Personal name | Upton, Graham. |
| -- | 0000154774 |
| 245 10 - TITLE STATEMENT | |
| Title | Introducing statistics / |
| Statement of responsibility, etc. | Graham Upton, Ian Cook. |
| 260 ## - PUBLICATION, DISTRIBUTION, ETC. (IMPRINT) | |
| Place of publication, distribution, etc. | Oxford : |
| Name of publisher, distributor, etc. | OUP, |
| Date of publication, distribution, etc. | 1998. |
| 300 ## - PHYSICAL DESCRIPTION | |
| Extent | x, 422 p. |
| 650 #0 - SUBJECT ADDED ENTRY--TOPICAL TERM | |
| Topical term or geographic name as entry element | Statistics (Mathematics) |
| -- | 0000154775 |
| 908 ## - PUT COMMAND PARAMETER (RLIN) | |
| Put command parameter | 070522 |
| 950 ## - LOCAL HOLDINGS (RLIN) | |
| -- | 1 |
| Withdrawn status | Lost status | Source of classification or shelving scheme | Not for loan | Home library | Current library | Date acquired | Total Checkouts | Full call number | Barcode | Date last seen | Date last checked out | Price effective from | Koha item type |
|---|---|---|---|---|---|---|---|---|---|---|---|---|---|
| Library of Congress Classification | Kabarak, Main Campus | Kabarak, Main Campus | 17/12/2015 | 6 | QA276 .U68 c.1 | 008507 | 22/02/2018 | 15/02/2018 | 17/12/2015 | General Collection |